L’Europe selon le Népal : drapeaux - Statistiques

Statistiques générales
  • Ce quiz a été pris 83 fois
  • Le résultat moyen est 28 sur 45
Statistiques - réponses
Par images Réponse % Correct
Albanie
93%
Portugal
91%
Espagne
89%
Royaume-Uni
87%
Suisse
87%
Croatie
86%
Bosnie-Herzégovine
84%
Islande
84%
République tchèque
83%
Saint-Marin
83%
Kosovo
81%
Vatican
81%
Irlande
80%
Slovaquie
80%
Monténégro
79%
Malte
77%
Macédoine du Nord
74%
Biélorussie
73%
France
69%
Allemagne
67%
Andorre
66%
Grèce
66%
Ukraine
66%
Autriche
64%
Liechtenstein
63%
Moldavie
63%
Pays-Bas
59%
Slovénie
54%
Estonie
53%
Pologne
53%
Hongrie
51%
Roumanie
51%
Belgique
50%
Suède
46%
Bulgarie
40%
Italie
37%
Norvège
36%
Monaco
33%
Russie
31%
Finlande
29%
Luxembourg
27%
Lituanie
26%
Lettonie
24%
Serbie
21%
Danemark
17%
Aucun quiz correspondant
Distribution des résultats
% des personnes avec chaque résultat
Percentile par nombre de réponses
Votre historique - résultats
Vous n’avez pas pris ce quiz